000 00503nam a2200181 4500
003 SEACOMEC
005 20241118155224.0
008 231006b |||||||| |||| 00| 0 eng d
020 _a9780080455372
_c395.00
040 _aSEACOMEC
082 _a005.8
_bH299
100 1 _aHarrington Jan L.
245 1 _aNetwork security
_ba practical approach
_cHarrington, Jan L.
260 _aNew Delhi
_bElsevier
_c2006
650 _aComputer programming, programs, data
650 _aData security
942 _cBOOK
999 _c153
_d153